000 00760nam a2200229 i 4500
001 185094
003 SpMaBN
005 20230906222339.0
008 160321s1944 sp |||| |bspa d
080 _a929 Napoleón (44) I
245 0 0 _aEstela literaria de Napoleón /
_c[seleccionador] Pablo Beltrán de Heredia.
260 _aMadrid :
_bAtlas,
_c1944 (
_fDiana)
300 _a223 p. ;
_c19 cm.
490 1 _aCisneros ;
_v95
500 _aÍndices.
504 _aBibliografía: p. [221]-223.
600 0 7 _aNapoleón
_bI
_c, Emperador de Francia.
_984910
700 1 _aBeltrán de Heredia, Pablo.
_927358
830 0 _aCisneros ;
_v95
_9182327
852 _aES-MaACL
_jL-30275
_z- enc. cart.
_z. - Donat. Carmen Zumárraga
999 _c185094
_d185094